000
00336nam a2200157Ia 4500
008
210210b1926 xxu||||| |||| 00| 0 eng d
041
_a
eng
082
_a
444/493
100
_a
MERIMEE (P)
245
_a
Pages choisies
260
_a
Paris
_b
-
_c
1926
650
_a
Pages
650
_a
choisies
690
_a
French
906
_a
006688
999
_c
129678
_d
129678